clubs francais en 1/2 finale coupe d'europe - Statistiques

Statistiques générales
  • Ce quiz a été pris 298 fois
  • Le résultat moyen est 10 sur 12
Statistiques - réponses
rang club nombre C1 C2 C3 (UEFA/ EL ) % Correct
1 Marseille 9 1990, 1991,1993 1988 1999, 2004, 2018, 2022, 2024
100%
Paris SG 9 1995, 2020 ,2021,2024, 2025 1994, 1996, 1997 1993
100%
4 Lyon 4 2010, 2021 1964 2017
96%
3 Monaco 7 1994, 1998 ,2004 2017 1990, 1992 1997
93%
5 Bordeaux 3 1985 1987 1996
90%
Saint étienne 2 1975,1976
89%
6 Reims 2 1956, 1959
88%
8 Nantes 2 1996 1980
82%
12 Lens 1 2000
74%
11 Auxerre 1 1993
58%
9 Bastia 1 1978
40%
10 Sochaux 1 1981
40%
Aucun quiz correspondant
Distribution des résultats
% des personnes avec chaque résultat
Percentile par nombre de réponses
Votre historique - résultats
Vous n’avez pas pris ce quiz